000 00644nam a22002057a 4500
005 20200104041758.0
008 170818b2003 sz |||||r|||| 00| 0 eng d
020 _a2831707498
040 _aCO-BoIAVH
_cCO-BoIAVH
041 _aeng
044 _asz
082 1 4 _a333.720494
_bM47p
245 0 0 _aProtected areas in 2023:
_bscenarios for an uncentain future
_ceditado por Jeffrey McNelly y Frederik Schutyser
260 _aGland, Switzerlnd:
_bIUCN,
_c2003.
300 _a51 páginas
650 0 _aÁreas protegidas
700 1 _aMcNelly, Jeffrey
_eeditor
700 1 _aSchityser, Frederik
_eeditor
942 _2ddc
_cLIBRO
999 _c19756
_d19756